000 00863nas a2200277 4500
001 BR2012001541
003 BR-BrBNA
005 20231205120244.0
007 ta
008 230509b bl.|||p| |||| 00| 00por d
040 _aBR-BrBNA
_bpor
_cBiblioteca Nacional de Agricultura
041 _a(Pt)
072 _aM40; M12
100 1 _aIgnácio, J.M.
100 1 _aSpach, H.L.
245 1 _aVariação sazonal da ictiofauna do infralitoral raso do Maciel, Baía de Paranaguá, Paraná
246 1 _aSeasonal variation in th ichthyofauna of Maciel, Paranaguá Bay, Paraná
650 _aMAR
650 _aPEIXE
650 _aFAUNA
650 _aVARIAÇÃO SAZONAL
650 _a
773 0 _tAtlântica (Brazil)
_xISSN 0102-1656
_g(Jul-Dec 2010), v. 32(2) p. 163-176
_wBR2012001541
909 _a202311
_bLúcia
_c55
_dLúcia Elande
942 _2AGRIS
_n0
_cANA
999 _c217632
_d217632